000 00827nam a2200229 a 4500
001 000016177
005 20200929164315.0
008 100226k19401941sp 000 i spa d
040 _aDO-SdBNP
_bspa
_cBNPHU
082 _a866.3
_bC336c
100 1 _aCascales, Francisco de,
_d1564?-1642
_936195
245 1 0 _aCartas filológicas /
_cFrancisco Cascales; edición, introducción y notas de Justo García Soriano.
260 _aMadrid :
_bEspasa-Calpe,
_c1940-1941.
300 _av. ;
_c18 cm.
490 1 _aClásicos castellanos
_v117, 118
500 _aIncluye notas al pie de las páginas
500 _aIncluye índice de nombres de autores
650 4 _aCartas españolas
_99744
650 4 _aLiteratura española
_9632
700 1 _aGarcía Soriano, Justo,
_eed.
_936196
830 0 _aClásicos castellanos ;
_v117, 118
_94180
999 _c15716
_d15716